K vývoju úverov a vkladov v SR Príloha Hospodárskych novín
Vývoj úverov v základných odvetviach hospodárstva SR od decembra 1993 do októbra 1995. Stav vkladov v SR podľa sektorov a odvetví k 31.10.1995. Úvery poskytnuté jednotlivým sektorom a odvetviam v SR. Vývoj úverov poskytnutých jednotlivým sektorom a odvetviam v SR.
Uložené v:
| Médium: | Kapitola |
|---|---|
| Jazyk: | Slovak |
| Predmet: | |
| Tagy: |
Žiadne tagy, Buďte prvý, kto otaguje tento záznam!
|
MARC
| LEADER | 00000naa a2200000 4500 | ||
|---|---|---|---|
| 001 | r018931 | ||
| 005 | 20221205101858.9 | ||
| 041 | 0 | |a slo | |
| 044 | |a SK | ||
| 245 | 1 | 0 | |a K vývoju úverov a vkladov v SR |b Príloha Hospodárskych novín |
| 520 | |a Vývoj úverov v základných odvetviach hospodárstva SR od decembra 1993 do októbra 1995. Stav vkladov v SR podľa sektorov a odvetví k 31.10.1995. Úvery poskytnuté jednotlivým sektorom a odvetviam v SR. Vývoj úverov poskytnutých jednotlivým sektorom a odvetviam v SR. | ||
| 610 | 2 | 0 | |a Slovensko |
| 610 | 2 | 0 | |a 1993-1995 |
| 610 | 2 | 0 | |a úver bankový |
| 610 | 2 | 0 | |a vklady |